Animals by records - Statistics

General Stats
  • This quiz has been taken 48 times
    41 since last reset
  • The average score is 5 of 17
Answer Stats
Hint Answer % Correct
Fastest land animal Cheetah
100%
Loudest animal Blue whale
77%
Fastest animal Peregrine falcon
69%
Largest wingspan of extant birds Wandering albatross
57%
Largest brain of any animal Cachalot
49%
Fastest fish Sailfish
40%
Largest ruminant species Giraffe
29%
Fastest reflex of any animal Trap-jaw ant
23%
Densest fur of any animal Sea Otter
20%
Largest mouth of any animal Bowhead whale
11%
Highest fecundity of any animal African Queen termite
6%
Longest forearm of any animal (extinct) Therizinosaurus
6%
Longest lived animal Antarctic sponge
3%
Most legs of any animal Californian milipede
3%
Shortest nursing period of any mammal Hooded seal
3%
Longest tongue relative to body size Tube-lipped nectar bat
3%
Most chromosomes of any multicellular animal Agrodiaetus butterfly
0%
No matching quizzes found
Score Distribution
Percent of People with Each Score
Percentile by Number Answered
Your Score History
You have not taken this quiz since the last reset